Music Quiz

Random Music or Song Quiz

'H' Named Bands & Musicians Quiz Stats

 Plays Quiz Updated Feb 17, 2018

Challenge
Share
Tweet
Embed
Score 0/30 Timer 06:00
7 Plays Today
2 Hit Singles 'H' Band/Artist % Correct
I Will Always Love You
How Will I Know
Whitney Houston
95.3%
MMMBop
If Only
Hanson
83.5%
Crazy on You
Barracuda
Heart
72.1%
Got My Mind Set on You
My Sweet Lord
George Harrison
66.1%
Don't You Want Me
Human
Human League
62.6%
The Boys of Summer
End of the Innocence
Don Henley
62.1%
I Want a New Drug
Hip to Be Square
Huey Lewis & the News
58.4%
That'll Be the Day
Peggy Sue
Buddy Holly
57.8%
Breathe
This Kiss
Faith Hill
54.4%
Doo Wop (That Thing)
Ex-Factor
Lauryn Hill
52.6%
Kiss On My List
She's Gone
Hall & Oates
52.2%
Jump Around
Who's the Man
House of Pain
43%
Hold My Hand
I Only Wanna Be With You
Hootie & the Blowfish
42.7%
He Ain't Heavy, He's My Brother
Long Cool Woman (In a Black Dress)
The Hollies
42.6%
Celebrity Skin
Doll Parts
Hole
41.1%
2 Hit Singles 'H' Band/Artist % Correct
Theme from 'Shaft'
Walk on By
Isaac Hayes
39.7%
I'm Into Something Good
Mrs. Brown, You've Got a Lovely Daughter
Herman's Hermits
38.8%
You Sexy Thing
So You Win Again
Hot Chocolate
36.7%
The Reason
Crawling in the Dark
Hoobastank
36.5%
Take Me to Church
Someone New
Hozier
36.1%
What is Love?
Rock My Heart
Haddaway
31.6%
Escape (The Pina Colada Song)
Him
Rupert Holmes
24.4%
Flagpole Sitta
Save It For Later
Harvey Danger
23.7%
Rockit
Watermelon Man
Herbie Hancock
22.3%
Lips of an Angel
Better Than Me
Hinder
17%
Hate to Say I Told You So
Tick Tick Boom
The Hives
15.9%
Spotlight
If This Isn't Love
Jennifer Hudson
8.1%
On My Own
For the Nights I Can't Remember
Hedley
4.3%
Goodnight Goodnight
Let Me In
Hot Hot Heat
4.3%
Lost in My Mind
All We Ever Knew
The Head and the Heart
4.1%

You're not logged in!

Compare scores with friends on all Sporcle quizzes.
OR
Log In

You Might Also Like...

Show Comments

Extras

Top Quizzes Today


Score Distribution

Your Account Isn't Verified!

In order to create a playlist on Sporcle, you need to verify the email address you used during registration. Go to your Sporcle Settings to finish the process.

Report this User

Report this user for behavior that violates our Community Guidelines.

Details: